| 000 | 00344nam a2200121Ia 4500 | ||
|---|---|---|---|
| 008 | 191201s2018 xx 000 0 und d | ||
| 100 | _aWAUGH, Anne | ||
| 245 | 0 | _aRoss and Wilson Anatomy and Physiology in Health and Illness | |
| 260 |
_bElsevier _aNew Delhi _c2018 |
||
| 300 | _a560 | ||
| 650 | _aHuman Anatomy & Physiology | ||
| 942 |
_2ddc _cBK _049 |
||
| 999 |
_c8420 _d8420 |
||